000 00758nam a22002297i 4500
003 URS
005 20230725152256.0
008 160818b xxu||||| |||| 00| 0 eng d
020 _a9789710388431
040 _erda
_cURS
_bEnglish
050 _aHF5415
_b.G194 2007
100 _aGarrovillas, Eduardo P.,
_eauthor.
_9216
245 _aOut of the box marketing principles that work and make sense /
_cDr. Eduardo P. Garrovillas.
264 1 _aMandaluyong City :
_bBooks Atbp. Publishing Corporation,
_c©2007.
300 _axxiv, 262 pages ;
_c22 cm.
336 _atext
_btxt
_2rdacontent
337 _aunmediated
_bn
_2rdamedia
338 _avolume
_bnc
_2rdacarrier
504 _aIncludes bibliographical references.
650 0 _aMarketing.
942 _2lcc
_cF
999 _c10106
_d10106